00561cam a2200205ua 450000500170000000800390001702000180005604000180007404100080009208200170010010000250011724500400014225000140018226000490019630000100024565000280025565000240028365300200030765300280032720221011111540.0200212n ii |||gr||||Z||||||eng a9788185986036 cMAINaIN-DiNC deng a823.954bNAR aNarayan, RK eauthor aThe english teacher/cBy RK Narayan a50th rep. aMadras:bIndian thought publications,c2019. a280p. aIndian novel in English aNovel of RK Narayan aEnglish fiction aIndian novel in English